| 000 | 00675cam a2200205 a 4500 | ||
|---|---|---|---|
| 001 | 000002366 | ||
| 003 | DO-SdBNP | ||
| 005 | 20250410095900.0 | ||
| 008 | 850624s1952 sp b 001 0 spa | ||
| 040 |
_aDO-SdBNP _bspa _cBNPHU |
||
| 082 | 4 |
_a477.1 _bG752i, 1952 _222 |
|
| 100 | 1 |
_aGrandegent, C. H. (Charles Hall) _d1862-1939 _987408 |
|
| 245 | 1 | 0 |
_aIntroducción al latín vulgar / _c C. H. Grandegent, traducción de Francisco de B. Moll. |
| 250 | _a2a ed. | ||
| 260 |
_aMadrid : _bFotográfica, _c1952. |
||
| 300 |
_a384 p. : _bilustraciones, mapas. ; _c20 cm. |
||
| 650 | 4 |
_aLatín vulgar _97524 |
|
| 700 | 1 |
_aMoll., Francisco de B. _etraductor _987409 |
|
| 942 |
_2ddc _cLBS1 |
||
| 999 |
_c2208 _d2208 |
||